[Event "PMPJ 2022 - D15"]
[Site "Jastrzebia Gora"]
[Date "2022.11.07"]
[Round "2.8"]
[White "Racis, Dominika"]
[Black "Danek, Wiktoria"]
[Result "0-1"]
[BlackElo "1132"]
[WhiteElo "1248"]
[LiveChessVersion "1.4.8"]

1. d4 {[%clk 1:30:58]} d5 {[%clk 1:30:50]} 2. c4 {[%clk 1:31:21]} e6
{[%clk 1:31:16]} 3. Nf3 {[%clk 1:31:21]} Nf6 {[%clk 1:31:34]} 4. Bg5
{[%clk 1:31:04]} Be7 {[%clk 1:31:32]} 5. e3 {[%clk 1:31:14]} O-O {[%clk 1:30:38]}
6. Bd3 {[%clk 1:31:23]} h6 {[%clk 1:27:02]} 7. Bh4 {[%clk 1:30:18]} b6
{[%clk 1:26:12]} 8. O-O {[%clk 1:18:18]} Bb7 {[%clk 1:24:49]} 9. Nc3
{[%clk 1:05:14]} Nbd7 {[%clk 1:14:28]} 10. Rc1 {[%clk 0:45:39]} c5
{[%clk 1:05:29]} 11. cxd5 {[%clk 0:37:18]} Nxd5 {[%clk 1:02:23]} 12. Bxe7
{[%clk 0:36:35]} Qxe7 {[%clk 1:00:37]} 13. a3 {[%clk 0:31:43]} Rfc8
{[%clk 0:50:50]} 14. Nxd5 {[%clk 0:27:48]} Bxd5 {[%clk 0:51:04]} 15. e4
{[%clk 0:25:23]} Bb7 {[%clk 0:50:23]} 16. Qe2 {[%clk 0:22:52]} Qf6
{[%clk 0:46:16]} 17. dxc5 {[%clk 0:16:22]} Nxc5 {[%clk 0:42:59]} 18. b4
{[%clk 0:12:52]} Nxd3 {[%clk 0:40:38]} 19. Qxd3 {[%clk 0:13:12]} Qf4
{[%clk 0:28:17]} 20. Rxc8+ {[%clk 0:10:43]} Rxc8 {[%clk 0:28:44]} 21. Nd2
{[%clk 0:05:54]} Qf6 {[%clk 0:25:26]} 22. Nc4 {[%clk 0:05:43]} Ba6
{[%clk 0:20:50]} 23. Qd7 {[%clk 0:01:01]} Qd8 {[%clk 0:14:47]} 24. Qxa7
{[%clk 0:00:44]} Bxc4 {[%clk 0:14:56]} 25. Re1 {[%clk 0:00:36]} Qd2
{[%clk 0:14:13]} 26. Ra1 {[%clk 0:01:03]} Bd3 {[%clk 0:14:15]} 27. h3
{[%clk 0:01:12]} Rc1+ {[%clk 0:11:04]} 28. Rxc1 {[%clk 0:01:38]} Qxc1+
{[%clk 0:11:32]} 29. Kh2 {[%clk 0:02:05]} Qf4+ {[%clk 0:11:46]} 30. Kg1
{[%clk 0:02:17]} Bxe4 {[%clk 0:11:45]} 31. f3 {[%clk 0:02:25]} Qe3+
{[%clk 0:11:41]} 32. Kh2 {[%clk 0:02:18]} Bd5 {[%clk 0:10:40]} 33. Qb8+
{[%clk 0:00:36]} Kh7 {[%clk 0:11:08]} 34. Qa7 {[%clk 0:01:04]} Kg6
{[%clk 0:10:21]} 35. Qc7 {[%clk 0:00:54]} f5 {[%clk 0:08:16]} 36. Qg3+
{[%clk 0:00:51]} Qg5 {[%clk 0:08:42]} 37. Qf2 {[%clk 0:01:15]} Qf4+
{[%clk 0:08:30]} 38. Kg1 {[%clk 0:01:09]} Qc7 {[%clk 0:07:56]} 39. h4
{[%clk 0:00:57]} Kf7 {[%clk 0:07:21]} 40. h5 {[%clk 0:00:48]} b5 {[%clk 0:07:33]}
41. f4 {[%clk 0:00:47]} Qc1+ {[%clk 0:07:24]} 42. Kh2 {[%clk 0:01:14]} Qxa3
{[%clk 0:06:03]} 43. Qc5 {[%clk 0:00:45]} Qa8 {[%clk 0:05:50]} 44. Qxb5
{[%clk 0:00:37]} Qb7 {[%clk 0:05:25]} 45. Qc5 {[%clk 0:00:36]} Bxg2
{[%clk 0:05:19]} 46. Qg1 {[%clk 0:00:45]} Bd5 {[%clk 0:04:48]} 47. Qg6+
{[%clk 0:01:08]} Kf8 {[%clk 0:05:02]} 48. Qh7 {[%clk 0:01:28]} Qf7
{[%clk 0:05:05]} 49. Qh8+ {[%clk 0:01:41]} Qg8 {[%clk 0:05:26]} 50. Qxg8+
{[%clk 0:02:00]} Kxg8 {[%clk 0:05:56]} 51. Kg3 {[%clk 0:02:17]} Kf7
{[%clk 0:06:22]} 52. b5 {[%clk 0:02:21]} Kf6 {[%clk 0:06:32]} 53. Kh3
{[%clk 0:02:02]} e5 {[%clk 0:06:28]} 54. fxe5+ {[%clk 0:02:20]} Kxe5
{[%clk 0:06:56]} 55. Kg3 {[%clk 0:02:33]} f4+ {[%clk 0:06:27]} 56. Kg4
{[%clk 0:02:42]} Bb7 {[%clk 0:06:36]} 57. b6 {[%clk 0:03:00]} Bc6
{[%clk 0:07:02]} 58. Kh3 {[%clk 0:03:10]} Kf5 {[%clk 0:07:20]} 59. Kh4
{[%clk 0:03:12]} f3 {[%clk 0:07:02]} 60. b7 {[%clk 0:03:05]} Bxb7
{[%clk 0:07:22]} 61. Kh3 {[%clk 0:03:27]} f2 {[%clk 0:07:37]} 62. Kh4
{[%clk 0:03:36]} Kf4 {[%clk 0:07:35]} 0-1

[Event "PMPJ 2022 - D15"]
[Site "Jastrzebia Gora"]
[Date "2022.11.07"]
[Round "2.9"]
[White "Idzior, Izabela"]
[Black "Markowska, Kalina"]
[Result "0-1"]
[BlackElo "1246"]
[WhiteElo "1172"]
[LiveChessVersion "1.4.8"]

1. e4 {[%clk 1:30:57]} c5 {[%clk 1:30:51]} 2. Nf3 {[%clk 1:31:23]} Nc6
{[%clk 1:31:04]} 3. d4 {[%clk 1:31:47]} cxd4 {[%clk 1:31:29]} 4. Nxd4
{[%clk 1:32:13]} Nf6 {[%clk 1:31:51]} 5. Nc3 {[%clk 1:32:39]} e5 {[%clk 1:32:10]}
6. Nb3 {[%clk 1:32:15]} Bb4 {[%clk 1:32:18]} 7. Bd3 {[%clk 1:31:54]} d5
{[%clk 1:28:13]} 8. exd5 {[%clk 1:30:21]} Nxd5 {[%clk 1:28:06]} 9. Bd2
{[%clk 1:25:33]} Nxc3 {[%clk 1:24:35]} 10. bxc3 {[%clk 1:25:11]} Bd6
{[%clk 1:24:07]} 11. O-O {[%clk 1:23:38]} O-O {[%clk 1:23:48]} 12. Re1
{[%clk 1:18:13]} f5 {[%clk 1:20:08]} 13. Bc4+ {[%clk 1:13:47]} Kh8
{[%clk 1:20:16]} 14. Qh5 {[%clk 1:07:42]} e4 {[%clk 1:09:40]} 15. Rad1
{[%clk 1:04:54]} Ne5 {[%clk 1:01:27]} 16. Bg5 {[%clk 0:54:41]} Qc7
{[%clk 1:00:45]} 17. Bd5 {[%clk 0:49:48]} Ng4 {[%clk 0:54:56]} 18. h3
{[%clk 0:42:10]} Nf6 {[%clk 0:55:03]} 19. Bxf6 {[%clk 0:36:39]} Rxf6
{[%clk 0:55:08]} 20. Nd4 {[%clk 0:30:42]} Bd7 {[%clk 0:54:22]} 21. c4
{[%clk 0:23:47]} Raf8 {[%clk 0:46:10]} 22. Nb5 {[%clk 0:10:32]} Be8
{[%clk 0:44:31]} 23. Qe2 {[%clk 0:06:24]} Bxb5 {[%clk 0:43:41]} 24. cxb5
{[%clk 0:06:48]} Bb4 {[%clk 0:43:16]} 25. Rf1 {[%clk 0:06:43]} Rg6
{[%clk 0:41:59]} 26. Rd4 {[%clk 0:04:31]} Bc5 {[%clk 0:41:07]} 27. Rd2
{[%clk 0:03:00]} Re8 {[%clk 0:39:53]} 28. Kh1 {[%clk 0:01:47]} e3
{[%clk 0:32:59]} 29. fxe3 {[%clk 0:02:11]} Rxe3 {[%clk 0:33:19]} 30. Qh5
{[%clk 0:00:50]} Rh6 {[%clk 0:31:46]} 31. Qxf5 {[%clk 0:01:11]} Rf6
{[%clk 0:31:54]} 0-1

[Event "PMPJ 2022 - D15"]
[Site "Jastrzebia Gora"]
[Date "2022.11.07"]
[Round "3.1"]
[White "Nowak, Zuzanna"]
[Black "Makarec, Anna"]
[Result "1-0"]
[BlackElo "1316"]
[WhiteElo "1354"]
[LiveChessVersion "1.4.8"]

1. e4 {[%clk 1:30:58]} e5 {[%clk 1:30:52]} 2. Nf3 {[%clk 1:31:25]} Nc6
{[%clk 1:31:12]} 3. Bb5 {[%clk 1:31:52]} a6 {[%clk 1:31:30]} 4. Ba4
{[%clk 1:32:19]} Nf6 {[%clk 1:31:43]} 5. O-O {[%clk 1:32:42]} b5 {[%clk 1:31:34]}
6. Bb3 {[%clk 1:33:02]} Be7 {[%clk 1:31:46]} 7. Re1 {[%clk 1:33:27]} O-O
{[%clk 1:31:58]} 8. c3 {[%clk 1:33:37]} d6 {[%clk 1:32:13]} 9. h3
{[%clk 1:30:29]} h6 {[%clk 1:31:46]} 10. d4 {[%clk 1:30:16]} Bb7 {[%clk 1:29:02]}
11. Nbd2 {[%clk 1:29:51]} Re8 {[%clk 1:29:00]} 12. Nf1 {[%clk 1:29:40]} Bf8
{[%clk 1:29:12]} 13. Ng3 {[%clk 1:29:43]} Na5 {[%clk 1:28:48]} 14. Bc2
{[%clk 1:29:56]} c5 {[%clk 1:27:34]} 15. b3 {[%clk 1:23:45]} Nc6 {[%clk 1:21:05]}
16. Bb2 {[%clk 1:23:34]} g6 {[%clk 1:19:35]} 17. Qd3 {[%clk 1:18:51]} cxd4
{[%clk 1:05:13]} 18. cxd4 {[%clk 1:18:43]} Nd7 {[%clk 0:57:33]} 19. dxe5
{[%clk 1:14:42]} Nb4 {[%clk 0:51:47]} 20. Qd2 {[%clk 1:11:37]} dxe5
{[%clk 0:52:01]} 21. Bb1 {[%clk 1:07:22]} f6 {[%clk 0:46:43]} 22. a3
{[%clk 1:05:37]} Nc6 {[%clk 0:46:36]} 23. Ba2 {[%clk 1:05:08]} Nb6
{[%clk 0:45:39]} 24. b4+ {[%clk 1:01:57]} Kg7 {[%clk 0:45:52]} 25. Qe2
{[%clk 1:01:09]} Qe7 {[%clk 0:39:59]} 26. Nh4 {[%clk 0:59:18]} Kh7
{[%clk 0:39:15]} 27. Nxg6 {[%clk 0:58:35]} Qg7 {[%clk 0:38:25]} 28. Nh4
{[%clk 0:57:27]} Na4 {[%clk 0:36:57]} 29. Ngf5 {[%clk 0:56:42]} Qc7
{[%clk 0:33:50]} 30. Qh5 {[%clk 0:56:00]} Nxb2 {[%clk 0:32:57]} 31. Qg6+
{[%clk 0:56:19]} Kh8 {[%clk 0:33:16]} 32. Qg8# {[%clk 0:56:46]} 1-0

[Event "PMPJ 2022 - D15"]
[Site "Jastrzebia Gora"]
[Date "2022.11.07"]
[Round "3.2"]
[White "Krzysztynska, Maria"]
[Black "Pniewska, Beata"]
[Result "0-1"]
[BlackElo "1353"]
[WhiteElo "1128"]
[LiveChessVersion "1.4.8"]

1. e4 {[%clk 1:30:49]} e6 {[%clk 1:30:48]} 2. d4 {[%clk 1:29:42]} d5
{[%clk 1:30:43]} 3. Bd3 {[%clk 1:27:08]} c5 {[%clk 1:29:54]} 4. exd5
{[%clk 1:25:24]} exd5 {[%clk 1:29:41]} 5. Nf3 {[%clk 1:23:50]} Nc6
{[%clk 1:28:43]} 6. Be3 {[%clk 1:19:26]} c4 {[%clk 1:23:06]} 7. Be2
{[%clk 1:18:16]} Bd6 {[%clk 1:20:47]} 8. b3 {[%clk 1:16:02]} cxb3
{[%clk 1:17:29]} 9. axb3 {[%clk 1:15:54]} Bf5 {[%clk 1:16:21]} 10. O-O
{[%clk 1:13:21]} Nf6 {[%clk 1:15:16]} 11. c4 {[%clk 1:08:09]} O-O
{[%clk 1:13:20]} 12. Bg5 {[%clk 0:59:31]} h6 {[%clk 0:58:40]} 13. Bh4
{[%clk 0:48:52]} g5 {[%clk 0:52:22]} 14. Bg3 {[%clk 0:47:41]} Nb4
{[%clk 0:49:38]} 15. c5 {[%clk 0:37:21]} Bxg3 {[%clk 0:49:18]} 16. fxg3
{[%clk 0:36:29]} Nc2 {[%clk 0:48:53]} 17. Nc3 {[%clk 0:26:20]} Ne3
{[%clk 0:48:03]} 18. Qd2 {[%clk 0:25:48]} Nxf1 {[%clk 0:48:04]} 19. Rxf1
{[%clk 0:26:09]} Bg6 {[%clk 0:46:39]} 20. Ne5 {[%clk 0:23:56]} Qe7
{[%clk 0:44:10]} 21. h4 {[%clk 0:21:32]} Ne4 {[%clk 0:40:46]} 22. Nxd5
{[%clk 0:19:33]} Qxe5 {[%clk 0:40:27]} 23. dxe5 {[%clk 0:18:31]} Nxd2
{[%clk 0:40:45]} 24. Rf6 {[%clk 0:16:28]} Rae8 {[%clk 0:39:52]} 25. h5
{[%clk 0:14:29]} Rxe5 {[%clk 0:39:26]} 26. Bc4 {[%clk 0:12:37]} Nxc4
{[%clk 0:39:21]} 27. bxc4 {[%clk 0:12:50]} Bxh5 {[%clk 0:39:38]} 28. Rxh6
{[%clk 0:13:10]} Bg6 {[%clk 0:39:39]} 29. Rh3 {[%clk 0:12:23]} Rc8
{[%clk 0:39:50]} 30. g4 {[%clk 0:11:08]} Rxc5 {[%clk 0:40:03]} 31. Nf6+
{[%clk 0:11:17]} Kg7 {[%clk 0:40:25]} 32. Nd7 {[%clk 0:11:17]} a5
{[%clk 0:40:48]} 33. Ra3 {[%clk 0:10:30]} Be4 {[%clk 0:40:31]} 34. Re3
{[%clk 0:10:26]} f5 {[%clk 0:37:42]} 35. gxf5 {[%clk 0:10:11]} Rxf5
{[%clk 0:37:46]} 36. Nxc5 {[%clk 0:10:14]} Rxc5 {[%clk 0:37:31]} 37. Rxe4
{[%clk 0:10:11]} Kf6 {[%clk 0:37:48]} 38. Kf2 {[%clk 0:09:54]} Rf5+
{[%clk 0:37:55]} 39. Ke3 {[%clk 0:09:26]} Re5 {[%clk 0:38:03]} 40. Kd4
{[%clk 0:09:30]} Rxe4+ {[%clk 0:38:23]} 41. Kxe4 {[%clk 0:09:27]} a4
{[%clk 0:38:32]} 42. Kd4 {[%clk 0:09:03]} a3 {[%clk 0:38:38]} 43. Kc3
{[%clk 0:09:27]} Ke5 {[%clk 0:39:01]} 44. Kb3 {[%clk 0:09:22]} Kd4
{[%clk 0:39:23]} 45. g4 a2 {[%clk 0:39:44]} 46. Kxa2 {[%clk 0:09:29]} Kxc4
{[%clk 0:40:10]} 47. Kb2 {[%clk 0:09:51]} b5 {[%clk 0:40:32]} 48. Kc2
{[%clk 0:10:06]} b4 {[%clk 0:40:43]} 49. Kd2 {[%clk 0:09:48]} Kb3
{[%clk 0:41:06]} 50. Kd3 {[%clk 0:09:37]} Ka2 {[%clk 0:41:23]} 51. Ke4
{[%clk 0:09:52]} b3 {[%clk 0:41:46]} 52. Kf5 {[%clk 0:10:11]} b2 {[%clk 0:42:08]}
53. Kxg5 {[%clk 0:10:35]} b1=Q {[%clk 0:42:28]} 54. Kh5 {[%clk 0:10:44]} Qh7+
{[%clk 0:42:46]} 55. Kg5 {[%clk 0:11:03]} Kb3 {[%clk 0:43:06]} 56. Kf6
{[%clk 0:11:09]} Qh4+ {[%clk 0:43:10]} 57. Kf5 {[%clk 0:11:22]} Kc4
{[%clk 0:43:26]} 58. g5 {[%clk 0:11:35]} Kd5 {[%clk 0:43:35]} 59. g6
{[%clk 0:11:16]} Qh8 {[%clk 0:43:53]} 60. Kg4 {[%clk 0:10:16]} Ke5
{[%clk 0:44:06]} 61. Kg5 {[%clk 0:09:29]} Qg7 {[%clk 0:43:56]} 62. Kg4
{[%clk 0:08:38]} Qxg6+ {[%clk 0:44:19]} 63. Kf3 {[%clk 0:08:30]} 0-1

[Event "PMPJ 2022 - D15"]
[Site "Jastrzebia Gora"]
[Date "2022.11.07"]
[Round "3.3"]
[White "Sliwicka, Weronika"]
[Black "Zgoda, Aleksandra"]
[Result "1-0"]
[BlackElo "1277"]
[WhiteElo "1265"]
[LiveChessVersion "1.4.8"]

1. e4 {[%clk 1:30:57]} c6 {[%clk 1:30:54]} 2. d4 {[%clk 1:31:21]} d5
{[%clk 1:31:16]} 3. exd5 {[%clk 1:31:47]} cxd5 {[%clk 1:31:24]} 4. Bd3
{[%clk 1:32:11]} Nc6 {[%clk 1:31:10]} 5. c3 {[%clk 1:32:32]} Nf6 {[%clk 1:30:56]}
6. h3 {[%clk 1:32:12]} g6 {[%clk 1:30:36]} 7. Nf3 {[%clk 1:31:35]} Bf5
{[%clk 1:29:21]} 8. Bxf5 {[%clk 1:31:25]} gxf5 {[%clk 1:29:18]} 9. Bf4
{[%clk 1:28:47]} e6 {[%clk 1:27:04]} 10. Ne5 {[%clk 1:22:32]} Rg8
{[%clk 1:16:03]} 11. O-O {[%clk 1:15:58]} Ne4 {[%clk 1:05:28]} 12. Qh5
{[%clk 1:13:35]} Nxe5 {[%clk 1:04:15]} 13. Bxe5 {[%clk 1:09:36]} Qg5
{[%clk 1:03:07]} 14. Qxg5 {[%clk 1:10:00]} Nxg5 {[%clk 1:02:00]} 15. Kh2
{[%clk 1:10:07]} O-O-O {[%clk 0:55:32]} 16. Nd2 {[%clk 1:04:40]} Bd6
{[%clk 0:54:12]} 17. f4 {[%clk 1:02:03]} Ne4 {[%clk 0:52:50]} 18. Nxe4
{[%clk 1:01:45]} fxe4 {[%clk 0:51:43]} 19. Bxd6 {[%clk 1:01:38]} Rxd6
{[%clk 0:51:41]} 20. f5 {[%clk 1:02:02]} Rb6 {[%clk 0:45:42]} 21. b3
{[%clk 1:01:57]} Kd7 {[%clk 0:44:38]} 22. Rf4 {[%clk 0:59:29]} exf5
{[%clk 0:39:07]} 23. Rxf5 {[%clk 0:58:16]} Ke6 {[%clk 0:37:17]} 24. Re5+
{[%clk 0:58:38]} Kd6 {[%clk 0:37:18]} 25. Rf1 {[%clk 0:58:28]} Rg7
{[%clk 0:37:01]} 26. Rf6+ {[%clk 0:58:36]} Kc7 {[%clk 0:35:04]} 27. Rxb6
{[%clk 0:58:49]} Kxb6 {[%clk 0:33:37]} 28. Rxd5 {[%clk 0:59:10]} Rg6
{[%clk 0:32:44]} 29. Re5 {[%clk 0:59:14]} Re6 {[%clk 0:32:54]} 30. Rxe6+
{[%clk 0:59:33]} fxe6 {[%clk 0:33:19]} 31. Kg3 {[%clk 0:59:52]} Kc6
{[%clk 0:33:00]} 32. Kf4 {[%clk 1:00:16]} Kd5 {[%clk 0:33:16]} 33. Ke3
{[%clk 1:00:29]} b5 {[%clk 0:32:33]} 34. g4 {[%clk 1:00:00]} a5 {[%clk 0:32:24]}
35. h4 {[%clk 1:00:24]} a4 {[%clk 0:32:40]} 36. g5 {[%clk 1:00:28]} e5
{[%clk 0:30:45]} 37. dxe5 {[%clk 1:00:41]} axb3 {[%clk 0:30:27]} 38. axb3
{[%clk 1:01:07]} Kxe5 {[%clk 0:30:44]} 39. h5 {[%clk 1:01:27]} Kf5
{[%clk 0:30:23]} 40. g6 {[%clk 1:01:46]} hxg6 {[%clk 0:30:34]} 41. hxg6
{[%clk 1:02:11]} Kxg6 {[%clk 0:30:56]} 42. Kxe4 {[%clk 1:02:36]} b4
{[%clk 0:30:05]} 43. c4 {[%clk 1:03:02]} Kf6 {[%clk 0:30:24]} 44. Kd5
{[%clk 1:03:25]} Ke7 {[%clk 0:30:14]} 45. Kc5 {[%clk 1:03:49]} 1-0

[Event "PMPJ 2022 - D15"]
[Site "Jastrzebia Gora"]
[Date "2022.11.07"]
[Round "3.4"]
[White "Bauer, Maja"]
[Black "Para, Aleksandra"]
[Result "1-0"]
[BlackElo "1204"]
[WhiteElo "1300"]
[LiveChessVersion "1.4.8"]

1. e4 {[%clk 1:30:57]} e5 {[%clk 1:30:59]} 2. Nf3 {[%clk 1:31:17]} Nc6
{[%clk 1:31:12]} 3. Bc4 {[%clk 1:31:33]} Bc5 {[%clk 1:31:11]} 4. d3
{[%clk 1:31:40]} Nf6 {[%clk 1:31:26]} 5. Nbd2 {[%clk 1:31:41]} O-O
{[%clk 1:31:21]} 6. O-O {[%clk 1:31:32]} a6 {[%clk 1:30:37]} 7. a4
{[%clk 1:31:12]} d5 {[%clk 1:30:12]} 8. exd5 {[%clk 1:30:18]} Nxd5
{[%clk 1:30:39]} 9. Re1 {[%clk 1:28:58]} Nf6 {[%clk 1:28:53]} 10. c3
{[%clk 1:19:14]} h6 {[%clk 1:25:45]} 11. Nf1 {[%clk 1:07:13]} Re8
{[%clk 1:16:32]} 12. Ng3 {[%clk 0:56:22]} Bd7 {[%clk 1:08:31]} 13. h3
{[%clk 0:52:51]} Re7 {[%clk 1:05:40]} 14. Nh4 {[%clk 0:49:44]} Bd6
{[%clk 1:01:42]} 15. Qf3 {[%clk 0:45:52]} Re8 {[%clk 0:38:04]} 16. Ngf5
{[%clk 0:32:57]} Bxf5 {[%clk 0:27:55]} 17. Nxf5 {[%clk 0:32:24]} e4
{[%clk 0:21:09]} 18. dxe4 {[%clk 0:29:25]} h5 {[%clk 0:08:14]} 19. Bf4
{[%clk 0:21:43]} Bxf4 {[%clk 0:05:10]} 20. Qxf4 {[%clk 0:22:04]} Ne5
{[%clk 0:04:53]} 21. Qg5 {[%clk 0:18:48]} g6 {[%clk 0:01:36]} 22. Rad1
{[%clk 0:16:47]} Qb8 {[%clk 0:00:42]} 23. Qxf6 {[%clk 0:16:03]} gxf5
{[%clk 0:01:03]} 24. Qg5+ {[%clk 0:13:40]} Kf8 {[%clk 0:00:45]} 25. exf5
{[%clk 0:11:21]} b5 {[%clk 0:00:31]} 26. f6 {[%clk 0:11:13]} Ng6 {[%clk 0:00:55]}
27. Qh6+ {[%clk 0:11:27]} 1-0

[Event "PMPJ 2022 - D15"]
[Site "Jastrzebia Gora"]
[Date "2022.11.07"]
[Round "3.5"]
[White "Butkiewicz, Hanna"]
[Black "Michalska, Anna-maria"]
[Result "1-0"]
[BlackElo "1288"]
[WhiteElo "1117"]
[LiveChessVersion "1.4.8"]

1. e4 {[%clk 1:30:53]} c6 {[%clk 1:30:56]} 2. d4 {[%clk 1:31:17]} d5
{[%clk 1:31:23]} 3. Nc3 {[%clk 1:31:38]} dxe4 {[%clk 1:31:46]} 4. Nxe4
{[%clk 1:31:59]} Bf5 {[%clk 1:32:13]} 5. Ng3 {[%clk 1:32:05]} Bg6
{[%clk 1:32:37]} 6. Nf3 {[%clk 1:32:14]} e6 {[%clk 1:32:58]} 7. c3
{[%clk 1:32:29]} Bd6 {[%clk 1:33:11]} 8. Bd3 {[%clk 1:32:35]} Bxd3
{[%clk 1:32:35]} 9. Qxd3 {[%clk 1:32:55]} Nd7 {[%clk 1:32:54]} 10. Be3
{[%clk 1:32:44]} Ngf6 {[%clk 1:32:23]} 11. O-O {[%clk 1:31:47]} O-O
{[%clk 1:31:48]} 12. Rfe1 {[%clk 1:30:47]} Rc8 {[%clk 1:23:31]} 13. Ne4
{[%clk 1:27:47]} Nxe4 {[%clk 1:23:28]} 14. Qxe4 {[%clk 1:28:06]} Nf6
{[%clk 1:23:43]} 15. Qc2 {[%clk 1:27:23]} Qc7 {[%clk 1:21:35]} 16. h3
{[%clk 1:25:23]} b5 {[%clk 1:18:42]} 17. Bg5 {[%clk 1:17:58]} Nd5
{[%clk 1:17:46]} 18. a3 {[%clk 1:14:58]} Rfe8 {[%clk 1:15:44]} 19. Bd2
{[%clk 1:11:41]} c5 {[%clk 1:15:34]} 20. dxc5 {[%clk 1:11:01]} Bxc5
{[%clk 1:15:46]} 21. Qe4 {[%clk 1:06:20]} Qb6 {[%clk 1:14:36]} 22. Re2
{[%clk 1:04:23]} Nf6 {[%clk 1:13:13]} 23. Qc2 {[%clk 1:02:02]} a5
{[%clk 1:13:16]} 24. Be3 {[%clk 1:00:55]} Bxe3 {[%clk 1:12:42]} 25. Rxe3
{[%clk 1:00:44]} Nd5 {[%clk 1:13:08]} 26. Ree1 {[%clk 0:59:19]} b4
{[%clk 1:13:07]} 27. axb4 {[%clk 0:59:00]} axb4 {[%clk 1:13:12]} 28. c4
{[%clk 0:58:20]} Rc5 {[%clk 1:08:14]} 29. Qa4 {[%clk 0:57:03]} Nc7
{[%clk 1:07:04]} 30. b3 {[%clk 0:56:27]} h6 {[%clk 1:06:18]} 31. Qd7
{[%clk 0:55:44]} e5 {[%clk 1:01:59]} 32. Nd2 {[%clk 0:54:17]} Re6
{[%clk 1:00:27]} 33. Ne4 {[%clk 0:54:08]} Rcc6 {[%clk 0:59:48]} 34. c5
{[%clk 0:53:17]} Qb5 {[%clk 0:59:29]} 35. Nd6 {[%clk 0:51:27]} Qxc5
{[%clk 0:56:40]} 36. Qxf7+ {[%clk 0:51:37]} Kh7 {[%clk 0:55:46]} 37. Nf5
{[%clk 0:49:34]} Rg6 {[%clk 0:54:16]} 38. Ne7 {[%clk 0:49:22]} h5
{[%clk 0:52:44]} 39. Nxc6 {[%clk 0:48:57]} Qxc6 {[%clk 0:52:53]} 40. f3
{[%clk 0:47:55]} Qc2 {[%clk 0:46:38]} 41. g4 {[%clk 0:47:17]} Qc3
{[%clk 0:45:29]} 42. Rac1 {[%clk 0:45:44]} Qd4+ {[%clk 0:45:35]} 43. Kh1
{[%clk 0:45:14]} Ne6 {[%clk 0:43:11]} 44. Rc8 {[%clk 0:43:42]} Qf2
{[%clk 0:29:30]} 45. Qg8+ {[%clk 0:43:32]} Kh6 {[%clk 0:29:53]} 46. Qh8+
{[%clk 0:43:47]} Kg5 {[%clk 0:30:09]} 47. Qxh5+ {[%clk 0:43:34]} Kf4
{[%clk 0:30:28]} 48. Qf5+ {[%clk 0:43:11]} Kg3 {[%clk 0:30:36]} 49. Rg1+
{[%clk 0:43:25]} Kxh3 {[%clk 0:26:33]} 50. g5+ {[%clk 0:43:45]} Kh4
{[%clk 0:26:04]} 51. Qg4# {[%clk 0:44:09]} 1-0

[Event "PMPJ 2022 - D15"]
[Site "Jastrzebia Gora"]
[Date "2022.11.07"]
[Round "3.6"]
[White "Markowska, Kalina"]
[Black "Domeradzka, Karolina"]
[Result "0-1"]
[BlackElo "1123"]
[WhiteElo "1246"]
[LiveChessVersion "1.4.8"]

1. e4 {[%clk 1:30:57]} c5 {[%clk 1:30:55]} 2. Nf3 {[%clk 1:31:17]} d6
{[%clk 1:31:23]} 3. d4 {[%clk 1:31:29]} cxd4 {[%clk 1:31:50]} 4. Nxd4
{[%clk 1:31:46]} Nf6 {[%clk 1:32:11]} 5. Nc3 {[%clk 1:32:07]} a6 {[%clk 1:32:39]}
6. Be2 {[%clk 1:23:09]} e6 {[%clk 1:32:57]} 7. O-O {[%clk 1:19:09]} Be7
{[%clk 1:33:19]} 8. Bg5 {[%clk 1:17:32]} O-O {[%clk 1:32:26]} 9. Kh1
{[%clk 1:14:56]} Nxe4 {[%clk 1:04:47]} 10. Nxe4 {[%clk 1:06:00]} Bxg5
{[%clk 1:05:09]} 11. f4 {[%clk 1:03:22]} Bf6 {[%clk 1:05:20]} 12. Nxf6+
{[%clk 1:01:09]} Qxf6 {[%clk 1:05:47]} 13. Bd3 {[%clk 0:59:56]} Bd7
{[%clk 1:01:13]} 14. c3 {[%clk 0:57:02]} Nc6 {[%clk 1:01:10]} 15. Ne2
{[%clk 0:51:46]} Rad8 {[%clk 0:51:56]} 16. Rf3 {[%clk 0:49:06]} e5
{[%clk 0:49:58]} 17. fxe5 {[%clk 0:47:28]} Qxe5 {[%clk 0:50:08]} 18. Qc2
{[%clk 0:47:14]} g6 {[%clk 0:45:59]} 19. Raf1 {[%clk 0:42:13]} Qe7
{[%clk 0:38:05]} 20. Rg3 {[%clk 0:35:15]} Ne5 {[%clk 0:35:39]} 21. Be4
{[%clk 0:34:15]} Bb5 {[%clk 0:22:59]} 22. a4 {[%clk 0:19:03]} Bc6
{[%clk 0:16:20]} 23. Nd4 {[%clk 0:14:44]} Kh8 {[%clk 0:09:39]} 24. Nxc6
{[%clk 0:14:03]} bxc6 {[%clk 0:09:53]} 25. Qe2 {[%clk 0:11:17]} Qa7
{[%clk 0:09:13]} 26. Rh3 {[%clk 0:09:32]} f5 {[%clk 0:08:39]} 27. Bc2
{[%clk 0:09:01]} Rde8 {[%clk 0:08:35]} 28. Qd2 {[%clk 0:07:53]} Ng4
{[%clk 0:07:21]} 29. Rhf3 {[%clk 0:05:23]} Ne3 {[%clk 0:04:25]} 30. Rc1
{[%clk 0:03:58]} Nc4 {[%clk 0:04:32]} 31. Qd3 {[%clk 0:03:24]} Ne5
{[%clk 0:04:40]} 32. Qxd6 {[%clk 0:03:16]} Nxf3 {[%clk 0:04:55]} 33. gxf3
{[%clk 0:03:38]} Qe3 {[%clk 0:04:46]} 34. Qd4+ {[%clk 0:03:18]} Qxd4
{[%clk 0:05:01]} 35. cxd4 {[%clk 0:03:46]} Re2 {[%clk 0:05:11]} 36. Bd3
{[%clk 0:03:58]} Rxb2 {[%clk 0:05:20]} 37. Bxa6 {[%clk 0:04:05]} Re8
{[%clk 0:05:31]} 38. Bf1 {[%clk 0:03:14]} Ra2 {[%clk 0:05:30]} 39. Rxc6
{[%clk 0:01:55]} Re1 {[%clk 0:04:57]} 40. Kg1 {[%clk 0:02:23]} Raa1
{[%clk 0:05:13]} 41. d5 {[%clk 0:02:18]} Rxf1+ {[%clk 0:05:24]} 42. Kg2
{[%clk 0:02:42]} Rfd1 {[%clk 0:05:41]} 0-1

[Event "PMPJ 2022 - D15"]
[Site "Jastrzebia Gora"]
[Date "2022.11.07"]
[Round "3.7"]
[White "Danek, Wiktoria"]
[Black "Gajec, Roza"]
[Result "0-1"]
[BlackElo "1357"]
[WhiteElo "1132"]
[LiveChessVersion "1.4.8"]

1. c4 e5 2. Nc3 Nf6 3. g3 Bb4 4. Qc2 Nc6 5. Bg2 d6 6. a3 Bxc3 7. Qxc3 a5 8. Nf3
Bd7 9. O-O h6 10. Re1 O-O 11. b3 Qc8 12. Bb2 Bh3 13. e3 Bxg2 14. Kxg2 e4 15. Nd4
Ne5 16. Rf1 Nd3 17. f3 Nxb2 18. Qxb2 exf3+ 19. Nxf3 Qe6 20. Kg1 Rfe8 21. Nh4 Ne4
22. Nf5 Qg6 23. d3 Nc5 24. d4 Ne4 25. Rae1 Qg5 26. d5 Re5 27. Qc2 Rae8 28. Rf4
Rxf5 29. Rxe4 Rfe5 30. Rxe5 Rxe5 31. e4 f5 32. Qc3 fxe4 33. Qxa5 b6 34. Qa8+ Kh7
35. Qc8 Qd2 36. Rf1 e3 37. Rf8 Qd1+ 38. Kg2 Qe2+ 39. Kg1 Qe1+ 40. Kg2 Qd2+ 41.
Kg1 e2 42. Rh8+ Kg6 43. Qg4+ Qg5 44. Qxg5+ hxg5 0-1